مؤلفات ابن عربى : (Record no. 14539)
[ view plain ]
| 000 -الفاتح | |
|---|---|
| حقل البيانات ثابتة الطول | 01356nam a22002297a 4500 |
| 008 - عناصر البيانات ثابتة الطول - معلومات عامة | |
| حقل البيانات ثابتة الطول | 100725s2001 xxu||||| |||| 00| 0 ara d |
| 020 ## - الرقم الدولى المعيارى للكتب | |
| الرقم الدولى المعيارى للكتاب | 9770176494 |
| 082 ## - رقم تصنيف ديوى العشرى | |
| رقم الطبعة | 22 |
| رقم التصنيف | 269.9246 |
| رقم المادة | ي ح ي |
| 100 1# - المدخل الرئيسى - إسم شخصى | |
| 9 (RLIN) | 16475 |
| الإسم الشخصى | يحيى ، عثمان |
| 245 ## - بيان العنوان | |
| العنوان | مؤلفات ابن عربى : |
| بقية العنوان | تاريخها وتصنيفها / |
| بيان المسئوليه,etc | عثمان يحيى ؛ ترجمه عن الفرنسية أحمد محمد الطيب |
| 260 ## - PUBLICATION, DISTRIBUTION, ETC. (IMPRINT) | |
| مكان الناشر او الموزع | القاهرة : |
| اسم الناشر او الموزع | الهيئة المصرية العامة للكتاب ،2001 |
| تاريخ النشر أو التوزيع | 2001. |
| 300 ## - الوصف المادى | |
| التعداد | 735 ص ؛ |
| أبعاد الوعاء | 24 سم. |
| 490 ## - بيان السلسلة | |
| -- | 16759 |
| عنوان السلسلة | التراث |
| 500 ## - تبصرة عامة | |
| تبصرة عامة | يشتمل على فهرس |
| 541 ## - تبصرة المصدر المباشر للتزويد | |
| مصدر التزويد | ألف باء ؛ |
| طريقة التزويد | شراء ؛ |
| 600 ## - المدخل الاضافى بالموضوع-اسم شخصى | |
| 9 (RLIN) | 21554 |
| الإسم الشخصى | ابن عربي، |
| التواريخ المصاحبة للاسم | 1164-1240 |
| الشكل الأكمل للاسم | محيي الدين محمد بن على بن محمد بن عربى الحاتمى الطائى الاندلسى |
| 650 ## - المدخل الاضافى بالموضوع-مصطلح موضوعى | |
| 9 (RLIN) | 21555 |
| مصطلح موضوعي أو اسم جغرافي كعنصر مدخل | المتصوفون الأندلسيون |
| 700 ## - المدخل الاضافى - اسم شخصى | |
| 9 (RLIN) | 16763 |
| الإسم الشخصى | الطيب ، أحمد محمد |
| الدور | ترجمه عن الفرنسية |
| 942 ## - عناصر المدخل الإضافي( كوها) | |
| مصدر التصنيف او مخطط الترفيف | Dewey Decimal Classification |
| Koha [default] item type | Book - Borrowing |
| حالة التراجع | حالة الفقد | مصدر التصنيف او خطة الترفيف | حالة تلف | ليس للاعارة | مجموعات كوها | المكان الدائم | المكان الحالي | موقع الترفيف | تاريخ الاكتساب | رقم الاستدعاء | الباركود | Date last seen | نوع الوعاء | Source of acquisition |
|---|---|---|---|---|---|---|---|---|---|---|---|---|---|---|
| Dewey Decimal Classification | Alef-Baa | Central Library | Central Library | Lower Floor | 25/07/2010 | 269.9246 ي ح ي | 000021574 | 15/07/2025 | Book - Borrowing | |||||
| Dewey Decimal Classification | Alef-Baa | Central Library | Central Library | Lower Floor | 25/07/2010 | 269.9246 ي ح ي | 000008575 | 15/07/2025 | Book - Borrowing |